| Tag |
First Indicator |
Second Indicator |
Subfields |
| LEADER |
00000cem a2200000 a 4500 |
| 001 |
in00000831796 |
| 005 |
20151018124151.0 |
| 008 |
820620s1977 dcub a f 0 eng d |
| 010 |
|
|
|a gp 82019652
|
| 034 |
1 |
|
|a a
|b 2500000
|d E0100000
|e E0160000
|f N0490000
|g N0470000
|
| 035 |
|
|
|a (OCoLC)08549410
|
| 035 |
|
|
|9 ADX7380AM
|
| 040 |
|
|
|a GPO
|c GPO
|d UtOrBLW
|
| 052 |
|
|
|a 6490
|
| 074 |
|
|
|a 856-A-1
|
| 086 |
0 |
|
|a PrEx 3.10/4:Au 7/2
|
| 090 |
|
|
|a G6491.F1.1977.U5
|
| 110 |
1 |
|
|a United States.
|b Central Intelligence Agency.
|
| 245 |
1 |
0 |
|a Austria.
|
| 255 |
|
|
|a Scale [ca. 1:2,500,000]
|c (E 10--E 16/N 49--N 47).
|
| 264 |
|
1 |
|a [Washington, D.C.] :
|b [Central Intelligence Agency],
|c [1977]
|
| 300 |
|
|
|a 1 map :
|b color ;
|c 13 x 24 cm.
|
| 336 |
|
|
|a cartographic image
|b cri
|2 rdacontent
|
| 337 |
|
|
|a unmediated
|b n
|2 rdamedia
|
| 338 |
|
|
|a sheet
|b nb
|2 rdacarrier
|
| 500 |
|
|
|a Relief shown by shading.
|
| 500 |
|
|
|a "Base 503569 12-77."
|
| 500 |
|
|
|a Cartographic material.
|
| 651 |
|
0 |
|a Austria
|v Maps.
|
| 999 |
|
|
|a MARS
|
| 999 |
f |
f |
|s 52ddaca0-8351-3dc0-a3de-9c808c5e72d7
|i 0bb65c26-1e9f-3638-bd2a-3955e2c0e484
|t 0
|
| 952 |
f |
f |
|p normal
|a Texas A&M University
|b College Station
|c Sterling C. Evans Library
|d Evans: Maps (2nd floor)
|t 0
|e G6491.F1 1977 .U5
|h Library of Congress classification
|i unmediated -- sheet
|
| 998 |
f |
f |
|a G6491.F1 1977 .U5
|t 0
|l Evans: Maps (2nd floor)
|